ბათუმის შოთა რუსთაველის სახელმწიფო უნივერსიტეტის ბიბლიოთეკა

Williams textbook of endocrinology / (ბიბ.ჩანაწერი № 57426)

000 -LEADER
fixed length control field 00841nam a22002295i 4500
001 - CONTROL NUMBER
control field 21232193
005 - DATE AND TIME OF LATEST TRANSACTION
control field 20221122165315.0
008 - FIXED-LENGTH DATA ELEMENTS--GENERAL INFORMATION
fixed length control field 191009s2016 pau 000 0 eng
020 ## - INTERNATIONAL STANDARD BOOK NUMBER
International Standard Book Number 9780323555968x
Qualifying information
041 ## - LANGUAGE CODE
Language code of text/sound track or separate title eng
080 ## - UNIVERSAL DECIMAL CLASSIFICATION NUMBER
Universal Decimal Classification number 616.4 W-69
245 10 - TITLE STATEMENT
Title Williams textbook of endocrinology /
Statement of responsibility, etc. Shlomo Melmed, Richard J. Auchus, Allison B. Goldfine, Ronald J. Koenig, Clifford J. Rosen.
250 ## - EDITION STATEMENT
Edition statement 13th edition
264 #1 - PRODUCTION, PUBLICATION, DISTRIBUTION, MANUFACTURE, AND COPYRIGHT NOTICE
Place of production, publication, distribution, manufacture Philadelphia :
Name of producer, publisher, distributor, manufacturer Elsevier, Inc,
Date of production, publication, distribution, manufacture, or copyright notice 2019.
653 ## - INDEX TERM--UNCONTROLLED
keyword ენდოკრინოლოგია
653 ## - INDEX TERM--UNCONTROLLED
keyword მედიცინა
700 1# - ADDED ENTRY--PERSONAL NAME
Personal name Auchus, Richard J.,
Relator term ავტორი
9 (RLIN) 8556
700 1# - ADDED ENTRY--PERSONAL NAME
Personal name Goldfine, Allison B.,
Relator term ავტორი
9 (RLIN) 8557
700 1# - ADDED ENTRY--PERSONAL NAME
Personal name Koenig, Ronald J.,
Relator term ავტორი
9 (RLIN) 8558
700 1# - ADDED ENTRY--PERSONAL NAME
Personal name Rosen, Clifford J.,
Relator term ავტორი
9 (RLIN) 8559
942 ## - ADDED ENTRY ELEMENTS (KOHA)
Source of classification or shelving scheme
Koha item type წიგნი
ეგზემპლარები
Withdrawn status Lost status Source of classification or shelving scheme Damaged status Not for loan Permanent Location Current Location Shelving location Date acquired Cost, normal purchase price Full call number Barcode Date last seen Copy number Price effective from Koha item type Public note
          ბათუმის შოთა რუსთაველის სახელმწიფო უნივერსიტეტის მთავარი ბიბლიოთეკა ბათუმის შოთა რუსთაველის სახელმწიფო უნივერსიტეტის მთავარი ბიბლიოთეკა წიგნსაცავი 2020-06-18 468.00 616.4 W-69 60623 2020-06-18 60623 2020-06-18 წიგნი 468 ლ.